| 000 | 00468cam a2200169ua 4500 | ||
|---|---|---|---|
| 020 | _c1.50 | ||
| 041 |
_amal _h |
||
| 082 |
_a928.94812 _bKUN/NA |
||
| 100 | _aKunjukrishnan, Pallippattu. | ||
| 245 |
_aNammude sahithyakaranmar Part-2 / _cPallippattu Kunjukrishnan. _hTextual Documents |
||
| 260 |
_aKottayam : _bSahitya Pravarthaka Co-operative Society , _c1953. |
||
| 300 | _a124 ; . | ||
| 365 | _a1.50 | ||
| 504 | _a | ||
| 942 | _cBK | ||
| 999 |
_c5257 _d5257 |
||